Hydrology for engineers / (Record no. 544710)
[ view plain ]
| 000 -LEADER | |
|---|---|
| fixed length control field | 00651cam a2200193 a 4500 |
| 020 ## - INTERNATIONAL STANDARD BOOK NUMBER | |
| International Standard Book Number | 0070379564 : |
| 082 0# - DEWEY DECIMAL CLASSIFICATION NUMBER | |
| Classification number | 551.48 |
| Author Mark | LIN |
| -- | L-22,P-34 |
| 100 1# - MAIN ENTRY--PERSONAL NAME | |
| Personal name | Linsley, Ray K. |
| 9 (RLIN) | 2147 |
| 245 10 - TITLE STATEMENT | |
| Title | Hydrology for engineers / |
| Statement of responsibility, etc. | Ray K. Linsley, Jr., Max A. Kohler, Joseph L.H. Paulhus. |
| 250 ## - EDITION STATEMENT | |
| Edition statement | 3rd ed. |
| 260 ## - PUBLICATION, DISTRIBUTION, ETC. | |
| Place of publication, distribution, etc. | New York : |
| Name of publisher, distributor, etc. | McGraw-Hill, |
| Date of publication, distribution, etc. | c1982. |
| 300 ## - PHYSICAL DESCRIPTION | |
| Extent | xx, 508 p. : |
| Other physical details | ill. ; |
| Dimensions | 25 cm. |
| 490 1# - SERIES STATEMENT | |
| Series statement | McGraw-Hill series in water resources and environmental engineering |
| 526 ## - STUDY PROGRAM INFORMATION NOTE | |
| Program name | 0 |
| Interest level | 0 |
| Reading level | 0 |
| Title point value | 551_480000000000000_LIN |
| 650 #0 - SUBJECT ADDED ENTRY--TOPICAL TERM | |
| Topical term or geographic name entry element | Hydrology. |
| 700 1# - ADDED ENTRY--PERSONAL NAME | |
| Personal name | Kohler, Max Adam, |
| 9 (RLIN) | 40412 |
| 700 1# - ADDED ENTRY--PERSONAL NAME | |
| Personal name | Paulhus, Joseph L. H. |
| 9 (RLIN) | 40413 |
| 942 ## - ADDED ENTRY ELEMENTS (KOHA) | |
| Source of classification or shelving scheme | |
| Koha item type | Book |
| Withdrawn status | Lost status | Source of classification or shelving scheme | Damaged status | Not for loan | Permanent Location | Current Location | Date acquired | Total Checkouts | Full call number | Barcode | Date last seen | Date last checked out | Price effective from | Koha item type |
|---|---|---|---|---|---|---|---|---|---|---|---|---|---|---|
| Military College of Engineering (MCE) | Military College of Engineering (MCE) | 05/09/2014 | 1 | 551.48 LIN | MCE-12825 | 05/31/2016 | 04/11/2016 | 05/09/2014 | Book |
